|
|
|
|
| LEADER |
00000cam a2200000 7i4500 |
| 001 |
0000000282 |
| 005 |
20020424.0 |
| 020 |
0 |
0 |
|a 9678908964
|
| 090 |
0 |
0 |
|a R351.1595
|b MAL 1997
|
| 110 |
1 |
0 |
|a MALAYSIA
|
| 245 |
1 |
0 |
|a Pekeliling Kemajuan Pentadbiran Awam 1994-1997 jilid II (hingga 30hb November 1997)
|c disusun oleh Lembaga Penyelidikan Undang-undang
|
| 260 |
0 |
0 |
|a Kuala Lumpur :
|b ILBS ,
|c 1997
|
| 300 |
|
|
|a 232 p. ;
|c 24 cm.
|
| 440 |
0 |
0 |
|a Undang-undang Malaysia
|
| 650 |
0 |
0 |
|a Civil service
|z Malaysia
|
| 650 |
0 |
0 |
|a Public administration
|z Malaysia
|
| 998 |
|
|
|a JPSM
|
| 999 |
|
|
|a 0000001462
|b Monograph
|c Reference
|e Default branch
|
| 999 |
|
|
|a 0000006428
|b Monograph
|c Open Shelf
|e Default branch
|